01351cam a2200301 i 450000100090000000300040000900500170001300800410003001000170007102000340008804000280012204200080015005000190015808200180017710000190019524501540021426400580036830000450042633600210047133700250049233800230051749000250054050400510056550502050061665000400082165000360086177601520089717993158OSt20211008110940.0140110s2014 njua b 001 0 eng  a 2013050096 a9781118722190 (cloth/website) aDLCbengcDLCdDLCerda apcc00aHG4515.15.R53 00a332.601/92231 aRichards, Tim,10aInvesting psychology: the effects of behavioral finance on investment choice and bias. /cTim Richards, Creator of the Psy-Fi Blog (www.psyfitec.com) 1aHoboken, New Jersey:bJohn Wiley & Sons, Inc.,c2014. axv, 240 pages :billustrations ;c24 cm. atext2rdacontent aunmediated2rdamedia avolume2rdacarrier0 aWiley finance series aIncludes bibliographical references and index. aContents: Sensory finance -- Self-image and self-worth -- Situational finance -- Social finance -- Professional bias -- Debiasing -- Good enough investing -- A few myths more -- The final roundup --  0aInvestmentsxPsychological aspects. 0aFinancexPsychological aspects.08iOnline version:aRichards, Tim, 1961-tInvesting psychologydHoboken, New Jersey : John Wiley & Sons, Inc., [2014]z9781118722503w(DLC) 2014001121